000 00534nam a2200157 4500
999 _c12548
_d12548
008 240219b ||||| |||| 00| 0 eng d
040 _aBMS College of Architecture
245 _a'Discovering the world around us':National science museum, Shivamogga
300 _a42p,
500 _a1CF19AT001
502 _8B,Arch
_NBMS College of Architecture, Visvesvaraya Technological University (VTU)
_aProject report
_d2023
650 _ascience museum
700 _aDakshayini R Patil
_eGuide
710 _aSubodh Khandekar
942 _2ddc